Guess the Portuguese speaking country Flag - Statistics

General Stats
  • This quiz has been taken 53 times
    45 since last reset
  • The average score is 7 of 9
Answer Stats
Picture Answer % Correct
Brazil
100%
Angola
92%
Cape Verde
87%
Portugal
87%
East Timor
82%
Mozambique
72%
Guinea Bissau
69%
Sao Tome and Principe
67%
Equatorial Guinea
62%
No matching quizzes found
Score Distribution
Percent of People with Each Score
Percentile by Number Answered
Your Score History
You have not taken this quiz since the last reset